Регионална библиотека "Любен Каравелов" - Русе

Вдъхновение от ангелите (Запис номер 331676)

MARC детайли
000 -Лидер
Контролно поле с фиксирана дължина nam a22 a 4500
003 - Код на организацията, давaща контролен номер
Контролно поле BLK
005 - Дата и час на последна редакция
Контролно поле 20190618112056.0
008 - Елементи от данни с фиксирана дължина
fixed length control field 190618b bu ||||| |||| 00| 0 bu d
020 ## - Международен стандартен номер на книга ISBN
Международен стандартен номер на книга ISBN 978-954-626-425-1
040 ## - Източник на каталожния запис
Идентификатор на билиотеката - собственик на записа BLK
041 ## - Код за език
Код за езика на текст/звукозапис или на отделно заглавие Български
Код за езика КДБФ Български
080 ## - УДК
Текстов определител УДК Религия. Теология. Вж и 141.4; 322 ; 348
УДК код - определител по УДК 2
УДК определител -167.2
УДК - код + определител 2-167.2
080 ## - УДК
Текстов определител УДК Метафизика на духовния живот
УДК код - определител по УДК 130.3
УДК - код + определител 130.3
100 ## - Редна дума - Автор
R(LIN) 341038
Автор Купър, Даяна
Авторска отговорност първи автор
245 ## - Сведения за заглавието
Заглавие Вдъхновение от ангелите
Подзаглавни данни как да промените вашия свят с помощта на ангелите
Редно поле (дума) Даяна Купър ; прев. от англ. ез. Валерия Сарелска
260 ## - Област на издателските данни
9 (RLIN) 209626
Място на издаване, разпространение и проч. София
Име на издателя, разпространителя и проч. Аратрон
Година на издаване 2014
380 ## - Жанр
Жанр Религия. Теология
500 ## - Общи забележки
Забележка Ориг. загл.: Angel inspiration / Diana Cooper
650 #7 - Допълнително описание по предмет – тема
9 (RLIN) 146903
Основно описание – тема или топоним Ангели
650 #7 - Допълнително описание по предмет – тема
9 (RLIN) 170201
Основно описание – тема или топоним Самоусъвършенстване
852 ## - Местоположение
Форматна сигнатура Цб 295166
999 ## - СИСТЕМНИ КОНТРОЛНИ НОМЕРА
Koha biblionumber 331676
Koha biblioitemnumber 331676
942 ## - АРТИКУЛИ
Вид на библиотечния материал Книги
Скрит в OPAC Не
944 ## - СЪЗДАВАНЕ И РЕДАКЦИЯ на ЗАПИСА
Създаване/Редакция Създаване
Дата на регистрацията/редакция 2019-06-18
Служител, извършил регистрацията/редакцията Симона Петрова
Наличности
Код за отписване Код за изгубен артикул Източник на класификационната схема Код за повреда Коз за рестрикции Код за отдаване Артикулен № Име на библиотеката - собственик Име на библиотеката, в която се намира в момента Статус (Текущо местоположение) Дата на вписване в системата Местоположение - отдел Цена в лева Систематично азбучна сигнатура Баркод Цена в евро Служебен тип на артикула
  Не е изгубен Universal Decimal Classification Не е повреден само за читалня ползва се в читалня 724421 Регионална библиотека "Любен Каравелов" Русе Регионална библиотека "Любен Каравелов" Русе Хранилище 2019-06-26 Хранилище 12.00 Цб 295166 120000832551 6.14 Книги
Vip Innovations Ltd, Rousse, Bulgaria 2025